Linear Suppliment DataBook (Record no. 189181)
[ view plain ]
| 000 -LEADER | |
|---|---|
| fixed length control field | 00769 a2200133 4500 |
| 003 - CONTROL NUMBER IDENTIFIER | |
| control field | Nust |
| 005 - DATE AND TIME OF LATEST TRANSACTION | |
| control field | 20230819100922.0 |
| 040 ## - CATALOGING SOURCE | |
| Transcribing agency | Nust |
| 082 ## - DEWEY DECIMAL CLASSIFICATION NUMBER | |
| Classification number | 519.72,LIN |
| 245 ## - TITLE STATEMENT | |
| Title | Linear Suppliment DataBook |
| 260 ## - PUBLICATION, DISTRIBUTION, ETC. | |
| Name of publisher, distributor, etc. | National Semiconductor Corporation |
| 505 ## - FORMATTED CONTENTS NOTE | |
| Formatted contents note | Sections 1 Amplifiers (Page-1-7), Section 2 Comparators (Page9-73) Sections 3 Voltage Regulators (Page-1-51), Voltage Reference (Page-4-8), Sections 5 Converters (Page-8-8), Sections 6 Analog Switches (Page-6-27), Sections 8 Sensors (Page-9-58), Sections 9 Filters (Page-9-1), Building Blocks (Page-10-1), Motor Controllers (Page-11-1), Telecommunications Circuits (Page-13-1), Speech (Page-13-7), Special Analog Functions (Page-12-4), Sections 16 Physical Dimensions (Page-16-1). |
| 942 ## - ADDED ENTRY ELEMENTS (KOHA) | |
| Source of classification or shelving scheme | |
| Koha item type | Book |
| Withdrawn status | Lost status | Source of classification or shelving scheme | Damaged status | Not for loan | Permanent Location | Current Location | Shelving location | Date acquired | Full call number | Barcode | Date last seen | Price effective from | Koha item type | Public note |
|---|---|---|---|---|---|---|---|---|---|---|---|---|---|---|
| Military College of Signals (MCS) | Military College of Signals (MCS) | General Stacks | 12/12/2016 | 519.72,LIN | MCS34983 | 12/08/2016 | 12/12/2016 | Book | Almirah no.14, Shelf no.6 |
